Statistics for Emily Brontë Bibliography

Click here to take the quiz!

General Stats

  • This quiz has been taken 13 times
  • The average score is 3 of 69

Answer Stats

TypeYearName% Correct
Novel1847Wuthering Heights
100%
PoemN/ANo Coward Soul Is Mine
15%
PoemN/AA Day Dream
8%
PoemN/AA Death - Scene
8%
PoemN/AA Little While, a Little While
8%
PoemN/ACome Hither, Child
8%
PoemN/ADeath, That Struck When I Was Most Confiding
8%
PoemN/AHigh Waving Heather 'Neath Stormy Blasts Bending
8%
PoemN/AHow Clear She Shines
8%
PoemN/AIf Grief for Grief Can Touch Thee
8%
PoemN/AI See Around Me Tombstones Grey
8%
PoemN/ALove and Friendship
8%
PoemN/AMy Comforter
8%
PoemN/APlead for Me
8%
PoemN/ARemembrance
8%
PoemN/ASympathy
8%
PoemN/AThe Blue Bell
8%
PoemN/AThe Night - Wind
8%
PoemN/AThe Philosopher
8%
PoemN/AThe Prisoner
8%
PoemN/ATo Imagination
8%
PoemN/AAh! Why, Because the Dazzling Sun
0%
PoemN/AA Little Budding Rose
0%
PoemN/AAnticipation
0%
PoemN/AAt Castle Wood
0%
PoemN/ACome, Walk with Me
0%
PoemN/AEncouragement
0%
PoemN/AFaith and Despondency
0%
PoemN/A"Fall, Leaves, Fall"
0%
PoemN/AFar, Far Away Is Mirth Withdrawn
0%
PoemN/AHonour's Martyr
0%
PoemN/AHope
0%
PoemN/AHow Beautiful the Earth Is Still
0%
PoemN/AHow Still, How Happy!
0%
PoemN/AI Am the Only Being Whose Doom
0%
PoemN/ALast Lines
0%
PoemN/ALong Neglect Has Worn Away
0%
PoemN/ALoud Without the Wind Was Roaring
0%
PoemN/A"Me Thinks This Heart..."
0%
PoemN/AMild the Mist Upon the Hill
0%
PoemN/AMy Lady's Grave
0%
PoemN/AOften Rebuked, Yet Always Back Returning
0%
PoemN/AOh, For the Time When I Shall Sleep
0%
PoemN/AOh, Thy Bright Eyes Must Answer Now
0%
PoemN/APast, Present, Future
0%
PoemN/AR. Alcona to J. Brenzaida
0%
PoemN/ARiches I Hold in Light Esteem
0%
PoemN/ASelf-Interrogation
0%
PoemN/AShall Earth No More Inspire Thee
0%
PoemN/AShe Dried Her Tears
0%
PoemN/ASilent Is the House
0%
PoemN/ASong
0%
PoemN/ASpeak, God of Visions
0%
PoemN/ASpellbound
0%
PoemN/AStanzas
0%
PoemN/AStars
0%
PoemN/AThe Elder's Rebuke
0%
PoemN/AThe Lady to Her Guitar
0%
PoemN/AThe Old Stoic
0%
PoemN/AThe Sun Has Set
0%
PoemN/AThe Two Children
0%
PoemN/AThe Visionary
0%
PoemN/AThe Wanderer from the Fold
0%
PoemN/AThe Wind I Used to Hear It Swelling
0%
PoemN/AThe Wind Was Rough Which Tore
0%
PoemN/A'Tis Moonlight, Summer Moonlight
0%
PoemN/AWarning and Reply
0%
PoemN/AWell Has Thou Spoke
0%
PoemN/A'Yes, Holy Be Thy Resting Place'
0%

Score Distribution

Percentile by Number Answered

Percent of People with Each Score

Your Score History

You have not taken this quiz